Statistics for Detroit Pistons 2017-18 Roster

Click here to take the quiz!

General Stats

  • This quiz has been taken 60 times
  • The average score is 8 of 17

Answer Stats

NbrPostPlayer% Correct
0CenterAndre Drummond
98%
1GuardReggie Jackson
88%
34ForwardTobias Harris
79%
-Head CoachStan Van Gundy
67%
22GuardAvery Bradley
62%
7ForwardStanley Johnson
57%
5GuardLuke Kennard
52%
51CenterBoban Marjanovic
48%
14GuardIsh Smith
48%
25ForwardReggie Bullock
45%
30Forward-CenterJon Leuer
33%
9GuardLangston Galloway
29%
43ForwardAnthony Tolliver
26%
8ForwardHenry Ellenson
24%
24Forward-CenterEric Moreland
17%
20GuardDwight Buycks
14%
44GuardLuis Montero
12%

Score Distribution

Percentile by Number Answered

Percent of People with Each Score

Your Score History

You have not taken this quiz